<?xml version="1.0" encoding="UTF-8"?><?xml-stylesheet type="text/xsl" href="static/style.xsl"?><OAI-PMH xmlns="http://www.openarchives.org/OAI/2.0/" xmlns:xsi="http://www.w3.org/2001/XMLSchema-instance" xsi:schemaLocation="http://www.openarchives.org/OAI/2.0/ http://www.openarchives.org/OAI/2.0/OAI-PMH.xsd"><responseDate>2026-04-14T06:12:27Z</responseDate><request verb="GetRecord" identifier="oai:www.recercat.cat:20.500.12694/7148" metadataPrefix="marc">https://recercat.cat/oai/request</request><GetRecord><record><header><identifier>oai:recercat.cat:20.500.12694/7148</identifier><datestamp>2025-12-18T12:09:32Z</datestamp><setSpec>com_2072_179042</setSpec><setSpec>col_2072_484474</setSpec></header><metadata><record xmlns="http://www.loc.gov/MARC21/slim" xmlns:dcterms="http://purl.org/dc/terms/" xmlns:xsi="http://www.w3.org/2001/XMLSchema-instance" xmlns:doc="http://www.lyncode.com/xoai" xsi:schemaLocation="http://www.loc.gov/MARC21/slim http://www.loc.gov/standards/marcxml/schema/MARC21slim.xsd">
   <leader>00925njm 22002777a 4500</leader>
   <datafield ind2=" " ind1=" " tag="042">
      <subfield code="a">dc</subfield>
   </datafield>
   <datafield ind2=" " ind1=" " tag="720">
      <subfield code="a">Santasmasas Rabadà, Neus</subfield>
      <subfield code="e">author</subfield>
   </datafield>
   <datafield ind2=" " ind1=" " tag="260">
      <subfield code="c">2018-06</subfield>
   </datafield>
   <datafield ind2=" " ind1=" " tag="520">
      <subfield code="a">Aquest treball ha consistit en la posada en pràctica d’un programa d’intervenció socioeducativa amb famílies del municipi de Vila-rodona, amb totes les seves fases: disseny, aplicació i avaluació. Aquest programa ha pres la forma de projecte de creació artística col·lectiva, el qual hem titulat El so dels objectes. Durant el projecte s’han treballat diferents temàtiques, com la percussió corporal, les coreografies, els jocs musicals, la relació entre pintura i música, i, sobretot, la construcció d’instruments a partir d’objectes i materials reciclats i la seva utilització. Tots aquests elements han configurat una performance que s’ha representat davant de públic.</subfield>
   </datafield>
   <datafield ind2=" " ind1=" " tag="520">
      <subfield code="a">Este trabajo ha consistido en la puesta en práctica de un programa de intervención socioeducativa con familias del municipio de Vila-rodona, con todas sus fases: diseño, aplicación, y evaluación. Este programa ha tomado la forma de proyecto de creación artística colectiva, el cual hemos titulado El so dels objectes (El sonido de los objetos). Durante el proyecto se han trabajado distintas temáticas, como la percusión corporal, las coreografías, los juegos musicales, la relación entre pintura y música, y, sobre todo, la construcción de instrumentos a partir de objetos y materiales reciclados y su utilización. Todos estos elementos han configurado una performance que se ha representado ante público.</subfield>
   </datafield>
   <datafield ind2=" " ind1=" " tag="520">
      <subfield code="a">This work consisted of the implementation of a socio-educational intervention program with families in the municipality of Vila-rodona, with all its phases: design, application, and evaluation. This program has taken the form of a collective artistic creation project, which we’ve entitled El so dels objectes (The Sound of Objects). During the project, different topics have been worked on, such as body percussion, choreographies, musical games, the relationship between painting and music, and, above all, the construction of instruments from recycled objects and materials and their use. All these elements have formed an artistic performance that was presented to the public.</subfield>
   </datafield>
   <datafield ind1="8" ind2=" " tag="024">
      <subfield code="a">http://hdl.handle.net/20.500.12694/7148</subfield>
   </datafield>
   <datafield tag="653" ind2=" " ind1=" ">
      <subfield code="a">TFG Pedagogia</subfield>
   </datafield>
   <datafield tag="653" ind2=" " ind1=" ">
      <subfield code="a">Acció social--Vila-Rodona (Tarragona, Catalunya)</subfield>
   </datafield>
   <datafield tag="653" ind2=" " ind1=" ">
      <subfield code="a">Música--Ensenyament</subfield>
   </datafield>
   <datafield tag="653" ind2=" " ind1=" ">
      <subfield code="a">Sociologia de l'educació</subfield>
   </datafield>
   <datafield ind2="0" ind1="0" tag="245">
      <subfield code="a">El so dels objectes: projecte de creació col·lectiva pel foment de la interacció social a Vila-rodona</subfield>
   </datafield>
</record></metadata></record></GetRecord></OAI-PMH>